Pandemi ve çocuk/ (Record no. 14323)

MARC details
000 -BAŞLIK
Sabit Uzunlukta Kontrol Alanı 00854nam a2200217 4500
999 ## - SİSTEM KONTROL NUMARALARI (KOHA)
Koha Biblionumber 14323
Koha Biblioitemnumber 14323
003 - KONTROL NUMARASI IDENTIFIER
Denetim Alanı MIRAKIL
005 - SON İŞLEM TARİHİ VE ZAMANI
Denetim Alanı 20210225131608.0
008 - SABİT-BOY VERİ ELEMANLARI - GENEL BİLGİLER
Sabit Uzunlukta Kontrol Alanı 210225b tu ||||| |||| 00| 0 tur d
040 ## - KATALOGLAMA KAYNAK
Orijinal Kataloglama Ajansı TR-AnCHP
Metne Dönüştürmek Ajansı TR-AnCHP
082 ## - DEWEY ONLU SINIFLANDIRMA NUMARASI
Sınıflandırma Numarası BROŞÜR 579
110 ## - ANA GİRİŞ - KURUMSAL ADI
Giriş Elemanı Olarak Kurumsal Ad Veya Yargı Alanı Adı Cumhuriyet Halk Partisi (CHP)
245 10 - BAŞLIK TABLOSU
Başlık Pandemi ve çocuk/
Sorumluluk Tablosu, Vb CHP İnsan Haklarından Sorumlu Genel Başkan Yardımcılığı.
300 ## - FİZİKSEL TANIM
Kapsam 38 s.:
Boyutlar 30 sm.
600 #0 - KONU KATMA GİRİŞ - KURUMSAL ADI
9 (RLIN) 5793
Kişisel Ad Cumhuriyet Halk Partisi (CHP)
Genel Alt Bölümü Çocuk hakları
600 #0 - KONU KATMA GİRİŞ - KURUMSAL ADI
9 (RLIN) 5793
Kişisel Ad Cumhuriyet Halk Partisi (CHP)
Genel Alt Bölümü Salgın hastalıklar
-- çocuklar
Kronolojik Alt Bölümü 2020-
Coğrafi Alt Bölümü Türkiye
650 #4 - KONU KATMA GİRİŞ - TOPİKAL DÖNEM
9 (RLIN) 1026
Topikal Süreli Veya Coğrafi Ad Giriş Elemanı Çocuklar
Genel Alt Bölümü Türkiye
Kronolojik Alt Bölümü 2020-
650 #0 - KONU KATMA GİRİŞ - TOPİKAL DÖNEM
9 (RLIN) 753
Topikal Süreli Veya Coğrafi Ad Giriş Elemanı Salgın hastalıklar
Genel Alt Bölümü Koronavirüs
Kronolojik Alt Bölümü 2020-
Coğrafi Alt Bölümü Türkiye
942 ## - EKLENDİ GİRİŞ ELEMANLARI (KOHA)
Sınıflandırma Veya Raf Düzeni Kaynak Dewey Decimal Classification
Koha Öğesi Türü Books
999 ## - SİSTEM KONTROL NUMARALARI (KOHA)
Koha Biblioitemnumber 14322
Holdings
Kalıcı Konum Mevcut Konum Edinme Tarihi Toplam Check-Out'Lar Tam Çağrı Numarası Barkod Tarih Son Görülme İtibaren Geçerli Fiyatlar Koha Öğesi Türü
CHP Kütüphanesi CHP Kütüphanesi 02/25/2021   BROŞÜR 579 019803 02/25/2021 02/25/2021 Visual Material